000 00507nam a2200193 a 4500
001 8672
003 CO-ViMGA
008 141112s2004 ck r 000 u spa d
020 _a8448106164
040 _aCO-ViMGA
_bspa
_cCO-ViMGA
082 0 4 _a539 L39f4
100 1 _aLevine, Ira N
_93557
245 1 0 _aFisicoquimica Vol 1 /
_cLevine Ira N.
260 _aMadrid,
_cMcGraw - Hill,
_c1996
300 _a2v. il, 25cm
500 _aEn coleccion Vol. 1.
650 1 4 _aFisicoquimica
_951791
942 _2ddc
_cBK
999 _c20310
_d20310